BIBLIOTHÈQUE DE LA MAISON DU MEXIQUE

Logo 1 Logo 2

Elementos de conservación del suelo (notice nᵒ 6561)

détails MARC
000 -Sello discográfico
campo de control de longitud fija 00932nam a2200301 4500
005 - Identificación de versión
campo de control 20251016084701.0
099 ## - fechas locales
Tipo de ítem Koha LIBRO
100 ## - Datos de procesamiento general
Datos de procesamiento general 20230628d19741965m y1spay5003 ba
101 ## - Idioma del recurso
Idioma del texto, banda sonora, etc. Español; Castellano
Idioma de la obra original Inglés
105 ## - Campo de datos codificados: Material textual, monográfico
Datos codificados de monografía a 001zy
200 1# - Título y mención de responsabilidad
Título propio Elementos de conservación del suelo
Designación general del material texto impreso
Primer mención de responsabilidad Hugh Hammond Bennett
Declaración de responsabilidad subsiguiente traducción Carlos Gerhard
205 ## - Declaración de edición
Declaración de edición 1a reimpr de la 1a ed
210 ## - Publicación, distribución, etc.
Lugar de publicación, distribución, etc. México
Nombre del editor, distribuidor, etc. Fondo de Cultura Económica
Fecha de publicación, distribución, etc. 1974
215 ## - Descripción física
Designación de material específico y extensión del ítem 427 p
Otras características físicas il.
Dimensiones 21 cm
345 ## - Nota de información de adquisición
Fuente de adquisición/dirección de la suscripción [OBSOLETO] Donación
454 #1 - Traducción de
Título Elements of Soil Conservation
606 ## - Término temático usado como materia
Elemento de entrada Conservación de suelos
Número Koha 12459
660 ## - Código de área geográfica
Código MX
700 ## - Nombre personal - Responsabilidad primaria
Elemento de entrada Bennett
Parte del nombre distinta del elemento de entrada Hugh Hammond
Fechas 1881-1960
Número Koha 12460
702 ## - Nombre personal - Responsabilidad secundaria
Elemento de entrada Gerhard
Parte del nombre distinta del elemento de entrada Carlos
Fechas 1899-1976
Número Koha 9574
801 #0 - Fuente de origen
País FR
Agencia cm
Reglas de catalogación (convenciones descriptivas) AFNOR
900 ## -
-- 1/22129
900 ## -
-- 7100417642\080104
942 ## - ELEMENTOS DE ENTRADA SECUNDARIOS (KOHA)
Tipo de ítem Koha Livre
996 ## -
-- MEX
-- 751145101
-- MMAG
-- 008108
-- 631.45 B471E
-- 20230628LIV
Exemplaires
Estatus retirado Estado de daño Estado de pérdida Fecha de adquisición Biblioteca de origen Biblioteca actual Ubicación en estantería Código de barras Precio de reemplazo Signatura topográfica completa No para préstamo Tipo de ítem Koha Nota pública Nota no pública
      05/08/2025 Casa México Paris Casa México Paris   008108 05/08/2025 631.45 B471E   Livre 20230628LIV 751145101